Vollständiges wissenschaftlich bearbeitetes Rechenbuch für die höheren Stände, besonders für den Handelsstand

Guardado en:
Detalles Bibliográficos
Formato: Libro
Lenguaje:alemán
Publicado: Nürnberg [s.n.] 1841
Etiquetas: Agregar Etiqueta
Sin Etiquetas, Sea el primero en etiquetar este registro!

MARC

LEADER 00000nam a2200000 4500
001 0307139
005 20250219091808.0
041 0 |a ger 
044 |a DE 
245 1 0 |a Vollständiges wissenschaftlich bearbeitetes Rechenbuch für die höheren Stände, besonders für den Handelsstand  |c J. M. Leuchs 
264 1 |a Nürnberg  |b [s.n.]  |c 1841